| 000 | 00358nam a2200133Ia 4500 | ||
|---|---|---|---|
| 008 | 190328s9999||||xx |||||||||||||| ||und|| | ||
| 020 | _a9788124119891 | ||
| 082 |
_a954 _bCHA/M |
||
| 100 | _aChandra,Satish | ||
| 245 | 0 | _aMedieval India From Saltanat to the Mughals(1206-1526) | |
| 260 |
_aNew Delhi _bHar/Anand Publications |
||
| 650 | _aHistory | ||
| 942 | _cBK | ||
| 999 |
_c4364 _d4364 |
||